[Event "V Festival A"]
[Site "Forni di Sopra ITA"]
[Date "2014.06.17"]
[Round "5"]
[White "Pescatore, Lorenzo"]
[Black "Dvirnyy, Danyyil"]
[WhiteElo "2223"]
[BlackElo "2549"]
[Result "0-1"]
[PlyCount "62"]
[EventDate "2014.06.14"]

1. Nf3 Nf6 2. c4 g6 3. g3 Bg7 4. Bg2 O-O 5. O-O d6 6. Nc3 e5 7. d3 Nc6 8. Bg5
h6 9. Bxf6 Bxf6 10. Rb1 Bg7 11. Nd2 h5 12. Nd5 a5 13. e3 Nb8 14. a3 c6 15. Nc3
Be6 16. b4 axb4 17. axb4 e4 18. d4 d5 19. b5 Nd7 20. Ra1 Qe7 21. cxd5 cxd5 22.
Qb3 Qd6 23. Rfc1 h4 24. Na4 Rfc8 25. Qb2 Rxc1+ 26. Qxc1 Qb4 27. Nc3 Rc8 28. Ra3
Bf8 29. Rb3 Qa5 30. Qb2 Nb6 31. Na2 Na4 0-1

[Event "V Festival A"]
[Site "Forni di Sopra ITA"]
[Date "2014.06.17"]
[Round "5"]
[White "Thingstad, Even"]
[Black "Gregori, Giacomo"]
[WhiteElo "2251"]
[BlackElo "2042"]
[Result "1-0"]
[PlyCount "65"]
[EventDate "2014.06.14"]

1. d4 Nf6 2. c4 g6 3. Nc3 Bg7 4. e4 d6 5. f3 b6 6. Be3 c5 7. d5 Nbd7 8. Nh3 a6
9. Be2 Ne5 10. Nf2 h5 11. Qd2 Ra7 12. O-O O-O 13. h3 b5 14. cxb5 axb5 15. Nxb5
Ra8 16. a4 Ba6 17. b4 Ned7 18. Rac1 Qb8 19. Nd3 Rc8 20. bxc5 dxc5 21. Nxc5 Nxc5
22. Rxc5 Bxb5 23. Rxc8+ Qxc8 24. axb5 Nd7 25. b6 Qb8 26. Rb1 Ra3 27. f4 Bh6 28.
b7 Rxe3 29. Qxe3 Bxf4 30. Qc3 Qa7+ 31. Kh1 Qa2 32. Rf1 Bd6 33. Bb5 1-0

[Event "V Festival A"]
[Site "Forni di Sopra ITA"]
[Date "2014.06.17"]
[Round "5"]
[White "Vezzosi, Paolo"]
[Black "Teh, Eu Wen Aron"]
[WhiteElo "2302"]
[BlackElo "2228"]
[Result "1/2-1/2"]
[PlyCount "34"]
[EventDate "2014.06.14"]

1. d4 Nf6 2. Nf3 e6 3. Bf4 b6 4. e3 Bb7 5. c4 Bb4+ 6. Nc3 O-O 7. Bd3 Bxc3+ 8.
bxc3 Be4 9. Bg5 Bxd3 10. Qxd3 h6 11. Bh4 d6 12. Nd2 Nbd7 13. f4 e5 14. fxe5
dxe5 15. O-O Qe7 16. Ne4 g5 17. Bg3 Nxe4 1/2-1/2

[Event "V Festival A"]
[Site "Forni di Sopra ITA"]
[Date "2014.06.18"]
[Round "6"]
[White "Basso, Pier Luigi"]
[Black "Barp, Alberto"]
[WhiteElo "2312"]
[BlackElo "2034"]
[Result "1-0"]
[PlyCount "59"]
[EventDate "2014.06.14"]

1. d4 d5 2. c4 c6 3. cxd5 cxd5 4. Nc3 Nf6 5. Bf4 Nc6 6. e3 a6 7. Rc1 Bg4 8. f3
Bh5 9. g4 Bg6 10. h4 h6 11. Nge2 e6 12. Kf2 h5 13. g5 Nd7 14. Bg3 Bf5 15. Nf4
g6 16. Bd3 Bxd3 17. Qxd3 Rg8 18. Nfxd5 exd5 19. Nxd5 Be7 20. Bc7 Qc8 21. Qe4
Kf8 22. Rxc6 bxc6 23. Qxe7+ Kg7 24. Be5+ Nxe5 25. Qxe5+ Kh7 26. Nf6+ Kg7 27.
Nxh5+ Kh7 28. Nf6+ Kg7 29. Nd7+ Kh7 30. h5 1-0

[Event "V Festival A"]
[Site "Forni di Sopra ITA"]
[Date "2014.06.18"]
[Round "6"]
[White "Bellia, Fabrizio"]
[Black "Teh, Eu Wen Aron"]
[WhiteElo "2393"]
[BlackElo "2228"]
[Result "1/2-1/2"]
[PlyCount "29"]
[EventDate "2014.06.14"]

1. Nf3 Nf6 2. c4 e6 3. g3 d5 4. Bg2 dxc4 5. Qa4+ c6 6. Qxc4 b5 7. Qb3 Bb7 8. d4
a6 9. a4 Nbd7 10. O-O c5 11. axb5 Bd5 12. Qc2 Be4 13. Qb3 Bd5 14. Qc2 Be4 15.
Qb3 1/2-1/2

[Event "V Festival A"]
[Site "Forni di Sopra ITA"]
[Date "2014.06.18"]
[Round "6"]
[White "Bruno, Fabio"]
[Black "Thingstad, Even"]
[WhiteElo "2427"]
[BlackElo "2251"]
[Result "1/2-1/2"]
[PlyCount "164"]
[EventDate "2014.06.14"]

1. d4 d5 2. Nf3 Nf6 3. c4 c6 4. e3 e6 5. b3 Nbd7 6. Bb2 b6 7. Bd3 Bb7 8. O-O
Be7 9. Nc3 O-O 10. Qc2 h6 11. Rac1 Rc8 12. Qe2 Qc7 13. Rfd1 Rfd8 14. cxd5 exd5
15. Bf5 g6 16. Bb1 Re8 17. Ne5 Bf8 18. f4 c5 19. Qf3 Bg7 20. Qh3 Rcd8 21. Bd3
a6 22. a4 Qb8 23. Rf1 cxd4 24. exd4 Qd6 25. Rcd1 Ne4 26. Nxe4 dxe4 27. Bc4 Re7
28. Qe3 a5 29. Qc1 Nxe5 30. fxe5 Qd7 31. Ba3 Re6 32. Bxe6 Qxe6 33. Qe3 Kh7 34.
Bd6 h5 35. d5 Bxd5 36. Qxb6 Rc8 37. Qxa5 Bxb3 38. Rc1 Bc4 39. Rfe1 Bh6 40. Rc2
e3 41. Qb4 Qf5 42. Qb2 Bd3 43. Rxc8 e2 44. Rcc1 Be3+ 45. Kh1 Bxc1 46. Qxc1 Qf1+
47. Rxf1 exf1=Q+ 48. Qxf1 Bxf1 49. Kg1 Ba6 50. Be7 g5 51. Bxg5 Kg6 52. Bf6 Kf5
53. Kf2 Kf4 54. h3 Bc4 55. a5 Bd3 56. g3+ Ke4 57. g4 hxg4 58. h4 Kf4 59. h5 g3+
60. Kg1 Kf5 61. Kg2 Kg4 62. h6 Be4+ 63. Kg1 Kh5 64. Bg7 Kg6 65. a6 Bd3 66. a7
Be4 67. Kf1 Bf3 68. Ke1 Kh7 69. Bf8 Kg6 70. Bg7 Kh7 71. Kf1 Kg6 72. Kg1 Kh7 73.
Bf8 Kg6 74. Kf1 Kh7 75. Ke1 Kg6 76. Kd2 g2 77. Bc5 Kxh6 78. Bg1 Kg6 79. Ke3 Ba8
80. Kf4 Bb7 81. Ke3 Kf5 82. Kd4 Ke6 1/2-1/2

[Event "V Festival A"]
[Site "Forni di Sopra ITA"]
[Date "2014.06.18"]
[Round "6"]
[White "Congiu, Mathilde"]
[Black "Pescatore, Lorenzo"]
[WhiteElo "2279"]
[BlackElo "2223"]
[Result "1/2-1/2"]
[PlyCount "68"]
[EventDate "2014.06.14"]

1. e4 c5 2. Nf3 Nc6 3. Bb5 d6 4. O-O Bd7 5. Re1 a6 6. Bf1 g6 7. h3 Bg7 8. c3 e5
9. Na3 Nge7 10. Nc4 Be6 11. Ng5 Bc8 12. d3 h6 13. Nf3 b5 14. Ne3 O-O 15. Nc2 f5
16. b4 Be6 17. exf5 gxf5 18. bxc5 dxc5 19. Qe2 Nd5 20. Bd2 e4 21. dxe4 Nxc3 22.
Bxc3 Bxc3 23. Rad1 Nd4 24. Qe3 Bxe1 25. Ncxd4 cxd4 26. Rxd4 Bxf2+ 27. Qxf2 Qf6
28. e5 Qg7 29. Rd6 Rfe8 30. Qb6 Qa7 31. a4 Qxb6+ 32. Rxb6 Bd5 33. axb5 axb5 34.
Rxb5 Bxf3 1/2-1/2

[Event "V Festival A"]
[Site "Forni di Sopra ITA"]
[Date "2014.06.18"]
[Round "6"]
[White "D'Amore, Carlo"]
[Black "Libiszewski, Fabien"]
[WhiteElo "2492"]
[BlackElo "2543"]
[Result "0-1"]
[PlyCount "62"]
[EventDate "2014.06.14"]

1. Nf3 d5 2. g3 g6 3. Bg2 Bg7 4. d4 Nf6 5. O-O O-O 6. Bf4 c6 7. Qc1 Re8 8. c4
Bf5 9. Rd1 Nbd7 10. b3 Rc8 11. Nc3 dxc4 12. bxc4 c5 13. Qa3 Qb6 14. Rac1 e6 15.
dxc5 Qxc5 16. Qxc5 Nxc5 17. Nb5 Nfe4 18. Be5 a6 19. Bxg7 Kxg7 20. Nbd4 Na4 21.
Nd2 Nec3 22. Re1 Red8 23. N4b3 b5 24. cxb5 Rxd2 25. Rxc3 Rxe2 26. Rxe2 Nxc3 27.
Rb2 axb5 28. Nd4 Bd3 29. Bc6 e5 30. Bxb5 Be4 31. Ne2 Nxe2+ 0-1

[Event "V Festival A"]
[Site "Forni di Sopra ITA"]
[Date "2014.06.18"]
[Round "6"]
[White "Delchev, Aleksander"]
[Black "Dvirnyy, Danyyil"]
[WhiteElo "2638"]
[BlackElo "2549"]
[Result "1/2-1/2"]
[PlyCount "23"]
[EventDate "2014.06.14"]

1. e4 e5 2. Nf3 Nc6 3. d4 exd4 4. Nxd4 Bc5 5. Nb3 Bb6 6. Nc3 d6 7. Qe2 Nf6 8.
Be3 Qe7 9. O-O-O Be6 10. f3 O-O-O 11. Bxb6 axb6 12. Nd4 1/2-1/2

[Event "V Festival A"]
[Site "Forni di Sopra ITA"]
[Date "2014.06.18"]
[Round "6"]
[White "Keilhack, Harald"]
[Black "Brunello, Marina"]
[WhiteElo "2254"]
[BlackElo "2315"]
[Result "1/2-1/2"]
[PlyCount "33"]
[EventDate "2014.06.14"]

1. Nf3 d5 2. c4 c6 3. e3 Nf6 4. Nc3 a6 5. d4 b5 6. b3 Bg4 7. Bd2 e6 8. h3 Bxf3
9. Qxf3 Bb4 10. Rc1 O-O 11. Qd1 Ra7 12. Be2 Rd7 13. cxd5 cxd5 14. a4 bxa4 15.
Nxa4 a5 16. Bxb4 axb4 17. O-O 1/2-1/2

[Event "V Festival A"]
[Site "Forni di Sopra ITA"]
[Date "2014.06.18"]
[Round "6"]
[White "Krebs, Johann"]
[Black "Boscolo, Federico"]
[WhiteElo "2249"]
[BlackElo "2306"]
[Result "0-1"]
[PlyCount "78"]
[EventDate "2014.06.14"]

1. d4 Nf6 2. c4 g6 3. Nc3 Bg7 4. e4 d6 5. Be2 O-O 6. Nf3 e5 7. O-O Nc6 8. d5
Ne7 9. Ne1 Nd7 10. Nd3 f5 11. f3 Nf6 12. Bd2 Kh8 13. c5 c6 14. cxd6 Qxd6 15.
dxc6 Nxc6 16. Nb5 Qe7 17. Be3 b6 18. Rc1 Bb7 19. Nf2 Rfd8 20. Qc2 f4 21. Bd2 a6
22. Nc3 Nd4 23. Qd1 Nd7 24. Bc4 Nf6 25. Ne2 b5 26. Bd3 Nc6 27. Qb3 Nd7 28. Rfd1
Nc5 29. Qa3 Nxd3 30. Qxe7 Nxe7 31. Nxd3 Rxd3 32. Rc7 Bxe4 33. fxe4 Bf6 34. Nxf4
exf4 35. e5 Nd5 36. exf6 Nxc7 37. f7 Kg7 38. Bc3+ Rxc3 39. bxc3 Ne6 0-1

[Event "V Festival A"]
[Site "Forni di Sopra ITA"]
[Date "2014.06.18"]
[Round "6"]
[White "Narciso Dublan, Marc"]
[Black "Ceschia, Ivano"]
[WhiteElo "2538"]
[BlackElo "2242"]
[Result "1-0"]
[PlyCount "39"]
[EventDate "2014.06.14"]

1. d4 Nf6 2. c4 e6 3. Nc3 Bb4 4. Qc2 O-O 5. Nf3 d6 6. Bg5 Nbd7 7. e3 h6 8. Bh4
b6 9. Bd3 Bb7 10. O-O-O Bxc3 11. Qxc3 Re8 12. Qc2 e5 13. dxe5 Nxe5 14. Nxe5
Rxe5 15. e4 b5 16. Bg3 Rc5 17. b4 Rc6 18. c5 dxc5 19. Bxb5 Qe7 20. Bxc6 1-0

[Event "V Festival A"]
[Site "Forni di Sopra ITA"]
[Date "2014.06.18"]
[Round "6"]
[White "Romanishin, Oleg M."]
[Black "Naumkin, Igor"]
[WhiteElo "2487"]
[BlackElo "2427"]
[Result "1/2-1/2"]
[PlyCount "108"]
[EventDate "2014.06.14"]

1. Nf3 Nf6 2. g3 d5 3. Bg2 c5 4. O-O Nc6 5. d4 cxd4 6. Nxd4 e6 7. c4 Bc5 8. Nb3
Bb6 9. cxd5 Nxd5 10. Nc3 Nxc3 11. Qxd8+ Bxd8 12. bxc3 Be7 13. Rb1 e5 14. Nd2
Nd8 15. Bd5 Bh3 16. Rd1 Rc8 17. Bxb7 Nxb7 18. Rxb7 Rxc3 19. Ne4 Rc2 20. Rxa7 f6
21. f3 Be6 22. Ra8+ Bc8 23. Ba3 Bxa3 24. Rxa3 O-O 25. Rd2 Rc1+ 26. Kf2 h5 27.
h4 Bh3 28. Ke3 Rg1 29. Ra7 f5 30. Ng5 Rxg3 31. Nxh3 Rxh3 32. Rdd7 Rg3 33. Kf2
Rg6 34. Re7 e4 35. fxe4 fxe4+ 36. Ke3 Rg3+ 37. Kxe4 Rf2 38. Kd5 Rf4 39. Re4
Rxe4 40. Kxe4 Rg4+ 41. Kf5 Rxh4 42. Kg6 Rg4+ 43. Kxh5 Re4 44. Ra6 Kh7 45. Ra7
Rxe2 46. a4 Re3 47. a5 Re2 48. a6 Re6 49. Kg5 Rf6 50. Ra8 Rg6+ 51. Kf5 Rf6+ 52.
Ke5 Rb6 53. Kd5 Rf6 54. Ra7 Kg6 1/2-1/2

[Event "V Festival A"]
[Site "Forni di Sopra ITA"]
[Date "2014.06.18"]
[Round "6"]
[White "Sharapov, Sanal"]
[Black "Guichard, Pauline"]
[WhiteElo "2265"]
[BlackElo "2356"]
[Result "0-1"]
[PlyCount "62"]
[EventDate "2014.06.14"]

1. d4 Nf6 2. Bg5 d5 3. Bxf6 exf6 4. e3 Bd6 5. Be2 f5 6. Bf3 c6 7. Ne2 Nd7 8.
O-O Nf6 9. c4 g5 10. g3 h5 11. cxd5 cxd5 12. Nbc3 Be6 13. Qb3 Kf8 14. Nxd5 h4
15. Nec3 Kg7 16. Qd1 g4 17. Bh1 hxg3 18. fxg3 Bxg3 19. hxg3 Rxh1+ 20. Kxh1
Bxd5+ 21. Kg1 Qd6 22. Qe1 Rh8 23. e4 Bxe4 24. Qe3 Bf3 25. Rxf3 gxf3 26. Qxf3
Qxd4+ 27. Kg2 Ng4 28. Rh1 Ne3+ 29. Kg1 Nd1+ 30. Kg2 Rxh1 31. Kxh1 Nxc3 0-1

[Event "V Festival A"]
[Site "Forni di Sopra ITA"]
[Date "2014.06.18"]
[Round "6"]
[White "Valsecchi, Alessio"]
[Black "Ni, Hua"]
[WhiteElo "2407"]
[BlackElo "2653"]
[Result "1/2-1/2"]
[PlyCount "82"]
[EventDate "2014.06.14"]

1. e4 c5 2. Nf3 e6 3. d4 cxd4 4. Nxd4 Nc6 5. Nc3 Qc7 6. Be3 a6 7. Be2 Nf6 8.
O-O Be7 9. f4 d6 10. Kh1 O-O 11. Qe1 Nxd4 12. Bxd4 b5 13. a3 Nd7 14. Qg3 Bf6
15. Bxf6 Nxf6 16. Qh4 Bb7 17. Bd3 Rfe8 18. Rf3 e5 19. Raf1 Qd8 20. fxe5 Rxe5
21. Qg3 Kf8 22. Qf2 Qe7 23. Rf4 Re8 24. Qb6 Kg8 25. a4 bxa4 26. Bxa6 Bxa6 27.
Qxa6 Nxe4 28. Nxe4 Rxe4 29. Rxf7 Qxf7 30. Rxf7 Kxf7 31. h3 R8e6 32. Qb5 Kg6 33.
c4 Re2 34. Qxa4 Rxb2 35. c5 dxc5 36. Qg4+ Kf7 37. Qf5+ Rf6 38. Qd5+ Kf8 39.
Qd8+ Kf7 40. Qd5+ Kf8 41. Qd8+ Kf7 1/2-1/2

[Event "V Festival A"]
[Site "Forni di Sopra ITA"]
[Date "2014.06.19"]
[Round "7"]
[White "Boscolo, Federico"]
[Black "Lodici, Lorenzo"]
[WhiteElo "2306"]
[BlackElo "2105"]
[Result "1/2-1/2"]
[PlyCount "95"]
[EventDate "2014.06.14"]

1. e4 c5 2. Nf3 Nc6 3. Bb5 d6 4. O-O Bd7 5. Re1 Nf6 6. c3 a6 7. Ba4 b5 8. Bc2
Bg4 9. h3 Bxf3 10. Qxf3 g6 11. d3 Bg7 12. Be3 Nd7 13. Qd1 Qb6 14. Nd2 b4 15.
Nc4 Qc7 16. d4 O-O 17. Rc1 Rfc8 18. Bb3 Rab8 19. Qd2 Na5 20. cxb4 Nxb3 21. axb3
cxd4 22. Bxd4 Bxd4 23. Qxd4 Rxb4 24. Qd2 Qb8 25. Qg5 Re8 26. Ra1 Nc5 27. Nd2
Nxb3 28. Nxb3 Rxb3 29. Rxa6 Rxb2 30. Ra3 Rb1 31. Ra1 Rxa1 32. Rxa1 Qb4 33. Qd5
Qb6 34. Ra8 Rxa8 35. Qxa8+ Kg7 36. Qa1+ e5 37. g3 Qc6 38. Qb1 Kf6 39. Qd3 Ke6
40. h4 h5 41. Qb3+ Kf6 42. Qf3+ Kg7 43. Qd3 Qd7 44. Qd2 Qe7 45. Qd3 Qe6 46. Qd2
Qe7 47. Qd3 Qe6 48. Qd2 1/2-1/2

[Event "V Festival A"]
[Site "Forni di Sopra ITA"]
[Date "2014.06.19"]
[Round "7"]
[White "Brunello, Marina"]
[Black "Petrone, Gianmario"]
[WhiteElo "2315"]
[BlackElo "2014"]
[Result "1-0"]
[PlyCount "75"]
[EventDate "2014.06.14"]

1. e4 c5 2. Nf3 d6 3. d4 cxd4 4. Nxd4 Nf6 5. Nc3 a6 6. Be2 e5 7. Nb3 Be7 8. O-O
O-O 9. Kh1 b6 10. Be3 Nbd7 11. f3 Bb7 12. Qd2 Qc7 13. a4 Rfd8 14. Rfd1 Rac8 15.
Qe1 Nc5 16. Qf1 Ra8 17. Bc4 Ncd7 18. Qe2 Rdc8 19. Nd2 Nc5 20. Qf2 Bc6 21. Bxc5
dxc5 22. Nf1 Qb7 23. Qe2 Ne8 24. Ne3 Nd6 25. Bd5 b5 26. Bxc6 Qxc6 27. Ncd5 Bf8
28. c4 b4 29. Nf5 Ra7 30. b3 g6 31. Nxd6 Bxd6 32. f4 exf4 33. Nf6+ Kg7 34. Qb2
Be5 35. Nh5+ gxh5 36. Qxe5+ Qf6 37. Qxh5 Rb7 38. Qg4+ 1-0

[Event "V Festival A"]
[Site "Forni di Sopra ITA"]
[Date "2014.06.19"]
[Round "7"]
[White "Cocchi, Andrea"]
[Black "Keilhack, Harald"]
[WhiteElo "2318"]
[BlackElo "2254"]
[Result "1/2-1/2"]
[PlyCount "37"]
[EventDate "2014.06.14"]

1. d4 d5 2. Nf3 c5 3. c4 e6 4. cxd5 exd5 5. g3 Nc6 6. Bg2 Nf6 7. O-O Be7 8. Nc3
O-O 9. dxc5 Bxc5 10. Bg5 d4 11. Bxf6 Qxf6 12. Ne4 Qe7 13. Nxc5 Qxc5 14. Rc1 Qb6
15. Qc2 h6 16. Rfd1 Be6 17. b3 Rad8 18. Rd2 Rfe8 19. Rcd1 1/2-1/2

[Event "V Festival A"]
[Site "Forni di Sopra ITA"]
[Date "2014.06.19"]
[Round "7"]
[White "Congiu, Mathilde"]
[Black "Bruno, Fabio"]
[WhiteElo "2279"]
[BlackElo "2427"]
[Result "0-1"]
[PlyCount "58"]
[EventDate "2014.06.14"]

1. e4 e6 2. d4 d5 3. Nd2 Nf6 4. e5 Nfd7 5. Bd3 c5 6. c3 Nc6 7. Ngf3 f6 8. Ng5
fxg5 9. Qh5+ g6 10. Bxg6+ hxg6 11. Qxg6+ Ke7 12. Nf3 Ndxe5 13. dxe5 Kd7 14.
Bxg5 Be7 15. Bxe7 Qxe7 16. h4 Kc7 17. O-O-O Bd7 18. Qg3 Qh7 19. Qf4 Raf8 20.
Qe3 b6 21. Rde1 Qf5 22. Qe2 Be8 23. b3 Bh5 24. Rh3 Rhg8 25. Qf1 Bg6 26. Kb2
Qc2+ 27. Ka3 Bd3 28. Nd4 Nxd4 29. Qxd3 Qxd3 0-1

[Event "V Festival A"]
[Site "Forni di Sopra ITA"]
[Date "2014.06.19"]
[Round "7"]
[White "Dvirnyy, Danyyil"]
[Black "Romanishin, Oleg M."]
[WhiteElo "2549"]
[BlackElo "2487"]
[Result "0-1"]
[PlyCount "50"]
[EventDate "2014.06.14"]

1. c4 e5 2. g3 Nf6 3. Bg2 d5 4. cxd5 Nxd5 5. Nc3 Nb6 6. e3 Be7 7. Nge2 O-O 8.
O-O c6 9. f4 N8d7 10. b3 f5 11. Bb2 e4 12. g4 Nc5 13. Rb1 Nd3 14. Ba1 g6 15.
gxf5 gxf5 16. Ng3 Nd5 17. Qh5 Nxc3 18. Bxc3 Qe8 19. Qxe8 Rxe8 20. Kh1 Bb4 21.
Bxb4 Nxb4 22. Bh3 Rf8 23. Rg1 Kh8 24. Nh5 Bd7 25. Rg7 Be8 0-1

[Event "V Festival A"]
[Site "Forni di Sopra ITA"]
[Date "2014.06.19"]
[Round "7"]
[White "Libiszewski, Fabien"]
[Black "Delchev, Aleksander"]
[WhiteElo "2543"]
[BlackElo "2638"]
[Result "1/2-1/2"]
[PlyCount "22"]
[EventDate "2014.06.14"]

1. Nf3 Nf6 2. g3 g6 3. b3 Bg7 4. Bb2 O-O 5. Bg2 d6 6. d4 c5 7. O-O cxd4 8. Nxd4
d5 9. c4 dxc4 10. Na3 cxb3 11. Qxb3 Nc6 1/2-1/2

[Event "V Festival A"]
[Site "Forni di Sopra ITA"]
[Date "2014.06.19"]
[Round "7"]
[White "Naumkin, Igor"]
[Black "Valsecchi, Alessio"]
[WhiteElo "2427"]
[BlackElo "2407"]
[Result "1/2-1/2"]
[PlyCount "63"]
[EventDate "2014.06.14"]

1. d4 Nf6 2. Nf3 g6 3. c4 Bg7 4. Nc3 d5 5. cxd5 Nxd5 6. Bd2 Nb6 7. e3 O-O 8.
Be2 Nc6 9. O-O e5 10. Nxe5 Nxe5 11. dxe5 Bxe5 12. f4 Bg7 13. e4 Be6 14. Qe1 f5
15. Kh1 c6 16. Rd1 Qe8 17. e5 Qe7 18. Be3 Rfd8 19. Qf2 Bf8 20. a3 Nc4 21. Bc1
Qc5 22. Qg3 Qb6 23. b4 Rxd1 24. Nxd1 Qc7 25. Qc3 Nb6 26. Ne3 Rd8 27. h3 Qe7 28.
Kh2 c5 29. b5 Nd5 30. Nxd5 Bxd5 31. Rd1 Be6 32. Rxd8 1/2-1/2

[Event "V Festival A"]
[Site "Forni di Sopra ITA"]
[Date "2014.06.19"]
[Round "7"]
[White "Ni, Hua"]
[Black "Guichard, Pauline"]
[WhiteElo "2653"]
[BlackElo "2356"]
[Result "1-0"]
[PlyCount "81"]
[EventDate "2014.06.14"]

1. Nf3 d5 2. g3 Nf6 3. Bg2 c6 4. O-O Bf5 5. d3 e6 6. Nbd2 h6 7. b3 Be7 8. Bb2
O-O 9. Qe1 Bh7 10. e4 a5 11. a3 Na6 12. Qe2 a4 13. b4 Re8 14. c4 Nc7 15. Rae1
Qb8 16. Ne5 Qa7 17. Kh1 Rad8 18. f4 c5 19. b5 d4 20. Bc1 Qb6 21. g4 Nd7 22.
Nxd7 Rxd7 23. e5 f5 24. exf6 Bxf6 25. Ne4 Bh4 26. Rd1 Bd8 27. Qc2 Qa7 28. f5
exf5 29. gxf5 Rf8 30. f6 Bxe4 31. Bxe4 Rdf7 32. Qg2 Rxf6 33. Rxf6 Rxf6 34. Rg1
Ne6 35. Bd5 b6 36. Re1 Qd7 37. Qg4 Kf7 38. Bf4 g6 39. Bxh6 Bc7 40. Bg5 Qd6 41.
Qg2 1-0

[Event "V Festival A"]
[Site "Forni di Sopra ITA"]
[Date "2014.06.19"]
[Round "7"]
[White "Pescatore, Lorenzo"]
[Black "Basso, Pier Luigi"]
[WhiteElo "2223"]
[BlackElo "2312"]
[Result "1/2-1/2"]
[PlyCount "33"]
[EventDate "2014.06.14"]

1. e4 c5 2. c3 Nf6 3. e5 Nd5 4. d4 cxd4 5. Nf3 e6 6. cxd4 d6 7. Nc3 Nxc3 8.
bxc3 dxe5 9. Nxe5 Nc6 10. Nxc6 bxc6 11. Bd3 Qa5 12. Be4 Qa6 13. Qf3 Bd7 14. Bd3
Qa5 15. Be4 Qa6 16. Bd3 Qa5 17. Be4 1/2-1/2

[Event "V Festival A"]
[Site "Forni di Sopra ITA"]
[Date "2014.06.19"]
[Round "7"]
[White "Sharapov, Sanal"]
[Black "Bellia, Fabrizio"]
[WhiteElo "2265"]
[BlackElo "2393"]
[Result "1/2-1/2"]
[PlyCount "140"]
[EventDate "2014.06.14"]

1. d4 Nf6 2. c4 e6 3. Nc3 Bb4 4. e3 O-O 5. Nge2 d5 6. a3 Be7 7. cxd5 exd5 8.
Nf4 Re8 9. Bd3 Bd6 10. O-O c6 11. f3 Qc7 12. Qd2 g5 13. Nfe2 Bxh2+ 14. Kh1 Nh5
15. e4 Bf4 16. Qc2 Qd6 17. g4 Bxc1 18. Qxc1 Nf4 19. Nxf4 Qxf4 20. Qxf4 gxf4 21.
exd5 Rd8 22. Be4 cxd5 23. Nxd5 Nc6 24. Rad1 Kg7 25. Nxf4 Nxd4 26. Nh5+ Kh6 27.
Nf6 Kg7 28. Nh5+ Kh6 29. Ng3 Be6 30. Kg2 Kg7 31. Rh1 h6 32. Nh5+ Kf8 33. Nf4
Bb3 34. Rd2 Ne6 35. Nxe6+ Bxe6 36. Rf2 Kg7 37. Bxb7 Rab8 38. Be4 Rb3 39. Rh5 a6
40. Ra5 Bc4 41. Rc2 Rd4 42. Rc5 Be6 43. Re2 Rd6 44. Kg3 Rdb6 45. Rc6 Rxc6 46.
Bxc6 Kf6 47. Kf4 Ke7 48. Bd5 Rb8 49. b4 a5 50. Bxe6 fxe6 51. bxa5 Rb5 52. Ra2
Rxa5 53. a4 Kd6 54. Ke4 Kc6 55. Ra1 Kd6 56. Kd4 Kc6 57. Kc4 Kb6 58. Ra3 h5 59.
gxh5 Rxh5 60. a5+ Ka6 61. Kd4 Rf5 62. Ke4 Rb5 63. Ra1 Rc5 64. f4 Rb5 65. Rg1
Rxa5 66. Rg6 Kb7 67. Rxe6 Kc7 68. Re5 Ra8 69. Re6 Kd7 70. f5 Re8 1/2-1/2

[Event "V Festival A"]
[Site "Forni di Sopra ITA"]
[Date "2014.06.19"]
[Round "7"]
[White "Teh, Eu Wen Aron"]
[Black "D'Amore, Carlo"]
[WhiteElo "2228"]
[BlackElo "2492"]
[Result "1/2-1/2"]
[PlyCount "104"]
[EventDate "2014.06.14"]

1. d4 d5 2. c4 c6 3. cxd5 cxd5 4. Nc3 Nf6 5. Bf4 Nc6 6. e3 a6 7. Bd3 Bg4 8.
Nge2 Bxe2 9. Qxe2 e6 10. O-O Be7 11. Rfc1 O-O 12. Na4 Nd7 13. a3 Rc8 14. Rc3 e5
15. dxe5 Ndxe5 16. Bxe5 Nxe5 17. Bxh7+ Kxh7 18. Qh5+ Kg8 19. Rxc8 Qxc8 20. Qxe5
Bf6 21. Qxd5 Rd8 22. Qb3 Rd2 23. Nc3 Qf5 24. Rf1 b5 25. a4 Qc2 26. Qxc2 Rxc2
27. axb5 Bxc3 28. bxc3 axb5 29. g3 Rxc3 30. Rd1 Rc8 31. Kf1 Rb8 32. Ke2 Kh7 33.
Rd5 b4 34. Rd2 g5 35. f4 gxf4 36. exf4 Kg6 37. Rb2 Kf5 38. Kf3 b3 39. h3 Kf6
40. Ke4 Rh8 41. h4 Rb8 42. g4 Rb4+ 43. Kf3 Kg6 44. Kg3 f6 45. h5+ Kh6 46. Kf3
Kg7 47. Kg3 Kh6 48. Kf3 Kg7 49. g5 fxg5 50. fxg5 Rh4 51. Kg3 Rxh5 52. Kg4 Kg6
1/2-1/2

[Event "V Festival A"]
[Site "Forni di Sopra ITA"]
[Date "2014.06.19"]
[Round "7"]
[White "Thingstad, Even"]
[Black "Narciso Dublan, Marc"]
[WhiteElo "2251"]
[BlackElo "2538"]
[Result "1/2-1/2"]
[PlyCount "81"]
[EventDate "2014.06.14"]

1. d4 f5 2. g3 Nf6 3. Bg2 g6 4. Nf3 Bg7 5. O-O O-O 6. c4 d6 7. Nc3 Qe8 8. Re1
Qf7 9. e4 Nxe4 10. Nxe4 fxe4 11. Rxe4 Nc6 12. Qe2 e6 13. Ng5 Qf6 14. Be3 h6 15.
Nxe6 Bxe6 16. Rxe6 Nxd4 17. Bxd4 Qxd4 18. Rd1 Rxf2 19. Rxd4 Rxe2 20. Rxe2 Bxd4+
21. Kf1 Rf8+ 22. Ke1 c6 23. Re6 Rf6 24. Rxf6 Bxf6 25. b3 Kf7 26. Bh3 Ke7 27.
Bc8 b6 28. h4 d5 29. cxd5 cxd5 30. Ke2 Kd6 31. Kd3 Kc5 32. Be6 b5 33. a4 bxa4
34. bxa4 a5 35. Bf7 g5 36. hxg5 hxg5 37. g4 Be5 38. Bg8 Kb4 39. Bxd5 Kxa4 40.
Kc2 Kb4 41. Kb1 1/2-1/2

[Event "V Festival A"]
[Site "Forni di Sopra ITA"]
[Date "2014.06.20"]
[Round "8"]
[White "Basso, Pier Luigi"]
[Black "Thingstad, Even"]
[WhiteElo "2312"]
[BlackElo "2251"]
[Result "1/2-1/2"]
[PlyCount "43"]
[EventDate "2014.06.14"]

1. d4 d5 2. c4 c6 3. cxd5 cxd5 4. Nc3 Nf6 5. Bf4 Nc6 6. e3 Bf5 7. Qb3 Na5 8.
Qa4+ Bd7 9. Qc2 e6 10. Bd3 Be7 11. h3 Rc8 12. Nf3 Ne4 13. Bxe4 dxe4 14. Qxe4
Qb6 15. O-O Qxb2 16. Qe5 Qxc3 17. Qxg7 Rf8 18. Ng5 Bxg5 19. Bxg5 Qa3 20. Qxh7
f6 21. Bh6 Rf7 22. Qg6 1/2-1/2

[Event "V Festival A"]
[Site "Forni di Sopra ITA"]
[Date "2014.06.20"]
[Round "8"]
[White "Bellia, Fabrizio"]
[Black "Molina, Fabrizio"]
[WhiteElo "2393"]
[BlackElo "2246"]
[Result "1-0"]
[PlyCount "95"]
[EventDate "2014.06.14"]

1. Nf3 d5 2. c4 e6 3. g3 Nf6 4. Bg2 dxc4 5. Qa4+ Nbd7 6. O-O a6 7. Qxc4 c5 8.
d3 Bd6 9. Qc2 Rb8 10. Nc3 b5 11. a4 O-O 12. axb5 axb5 13. Bg5 h6 14. Bxf6 Nxf6
15. Nd2 Qb6 16. Qb3 Bd7 17. Qa2 Rfc8 18. Rfc1 Bc6 19. Qa6 Qxa6 20. Rxa6 Bxg2
21. Kxg2 Be5 22. Ra5 Bxc3 23. Rxc3 Nd5 24. Rc1 Nb4 25. Ne4 c4 26. dxc4 bxc4 27.
Nd6 Rc7 28. Rxc4 Rd7 29. Rb5 Rxb5 30. Nxb5 Nd5 31. e4 Nf6 32. e5 Nd5 33. Nd6 f6
34. Rc8+ Kh7 35. f4 Ne7 36. Re8 fxe5 37. fxe5 Ng6 38. Rxe6 Nxe5 39. Rxe5 Rxd6
40. Kf3 Rb6 41. Re2 Rb4 42. Ke3 h5 43. Kd3 h4 44. Kc3 Rg4 45. gxh4 Rxh4 46. b4
Rf4 47. Rb2 Kh6 48. b5 1-0

[Event "V Festival A"]
[Site "Forni di Sopra ITA"]
[Date "2014.06.20"]
[Round "8"]
[White "Bruno, Fabio"]
[Black "Libiszewski, Fabien"]
[WhiteElo "2427"]
[BlackElo "2543"]
[Result "1/2-1/2"]
[PlyCount "84"]
[EventDate "2014.06.14"]

1. d4 Nf6 2. c4 g6 3. Nc3 Bg7 4. e4 d6 5. Be2 O-O 6. Nf3 Na6 7. O-O e5 8. Be3
Ng4 9. Bg5 Qe8 10. h3 exd4 11. Nxd4 Nf6 12. Bf3 Nc5 13. Re1 Qe5 14. Be3 c6 15.
Qc2 a5 16. Rad1 Nfd7 17. g3 Qe7 18. Bg2 h5 19. f4 Re8 20. Bf2 Nf8 21. Qd2 Nh7
22. Nb3 Ne6 23. Nd5 Qd8 24. Nb6 Ra6 25. c5 Nxc5 26. Bxc5 Rxb6 27. Qxd6 Qxd6 28.
Rxd6 Ra6 29. Red1 Bf6 30. e5 Be7 31. R6d2 Nf8 32. Bxe7 Rxe7 33. Nc5 Rb6 34. Ne4
Kg7 35. Rd8 Rd7 36. R1xd7 Bxd7 37. Nf6 Be6 38. Ne8+ Kh6 39. Nf6 Kg7 40. b3 a4
41. Ne8+ Kh6 42. Nf6 Kg7 1/2-1/2